| 000 | 01077 a2200265 4500 | ||
|---|---|---|---|
| 003 | Nust | ||
| 005 | 20220817144351.0 | ||
| 010 | _a 94079026 | ||
| 020 | _a0070691967 (cover) | ||
| 020 | _a0071135448 | ||
| 040 | _cNust | ||
| 082 | 0 | 0 | _a005.133,WEL |
| 100 | 1 |
_aWelburn, Tyler. _997840 |
|
| 245 | 1 | 0 |
_aStructured COBOL : _bfundamentals and style / _cTyler Welburn, Wilson Price. |
| 250 | _a4th ed. | ||
| 260 |
_aNew York : _bMcGraw-Hill, _cc1995. |
||
| 300 |
_axxiii, 670 p. : _bill. ; _c28 cm. |
||
| 505 | _aThe Programming Development Process (Page-1), Introduction to Structured Programming (Page-59), Principles of Report Design (Page-191), Data Validation Concepts (Page-325), Principles of File Processing (Page-459). | ||
| 650 | 0 | _aCOBOL (Computer program language) | |
| 650 | 0 |
_aStructured programming. _93675 |
|
| 700 | 1 |
_aPrice, Wilson. _997841 |
|
| 856 | 4 | 2 |
_3Publisher description _uhttp://www.loc.gov/catdir/description/mh022/94079026.html |
| 856 | 4 | 2 |
_3Table of contents _uhttp://www.loc.gov/catdir/toc/mh022/94079026.html |
| 942 |
_2ddc _cBK _k005.133,WEL |
||
| 999 |
_c180373 _d180373 |
||